| 000 | 01483nam a2200301 a 4500 | ||
|---|---|---|---|
| 001 | 39234 | ||
| 003 | BD-RjUL | ||
| 005 | 20220329113102.0 | ||
| 008 | 160406r20202015bg a|||e |||| 00| 0 ben d | ||
| 020 |
_a9847000002716 (Vol.1) _cTK.800.00 |
||
| 020 |
_a9847000002723 (Vol. 2) _c:Tk.1000.00 |
||
| 020 |
_a9847000003942 (Vol.3) _c:Tk.1000.00 |
||
| 020 |
_a9847000004055 (Vol.4) _c:Tk.1000.00 |
||
| 035 | _a(BD-RjUL) 39346 | ||
| 040 |
_aBD-RjUL _bben _cBD-RjUL |
||
| 041 | _aben | ||
| 082 |
_223 _a324.254075 _bLEH 2020 |
||
| 100 |
_aলেনিন, নূহ-উল-আলম _9120978 |
||
| 245 | 1 | 0 |
_aকমিউনিস্ট পার্টির ইতিহাস প্রসঙ্গ ও দলিলপত্র / _cনূহ-উল-আলম লেনিন |
| 260 |
_aঢাকা : _bজাতীয় সাহিত্য প্রকাশ , _c২০১৫,২০২০ |
||
| 300 |
_aখণ্ড : _bচিত্র ; _c২২ সেমি |
||
| 505 | _a ১ম খণ্ড (১৯৪৪-১৯৫২)-- ২য় খণ্ড (১৯৬৪-১৯৭১)-- ৩য় খণ্ড (১৯৭২-১৯৭৯)-- ৪র্থ খণ্ড (১৯৮০-১৯৮৬) -- | ||
| 650 |
_aকমিউনিস্ট পার্টি _zভারত _9120998 |
||
| 650 |
_aCommunist party _zIndia _9120999 |
||
| 650 |
_aকমিউনিস্ট পার্টি _zবাংলাদেশ _91190 |
||
| 650 |
_aCommunist party _zBangladesh _91191 |
||
| 942 |
_2ddc _cBK |
||
| 999 |
_c39234 _d39234 |
||